रोग रोकथाम र नियन्त्रणः स्रोत पुस्तक (Record no. 113613)
[ view plain ]
| 000 -LEADER | |
|---|---|
| fixed length control field | 00571nam a22001817a 4500 |
| 008 - FIXED-LENGTH DATA ELEMENTS--GENERAL INFORMATION | |
| fixed length control field | 240530b |||||||| |||| 00| 0 eng d |
| 020 ## - INTERNATIONAL STANDARD BOOK NUMBER | |
| International Standard Book Number | 9789937066839 |
| 082 ## - DEWEY DECIMAL CLASSIFICATION NUMBER | |
| Classification number | N616/Bh455 |
| 100 ## - MAIN ENTRY--PERSONAL NAME | |
| Personal name | Bhatta, Maheshdutta Taradutta |
| 241 ## - ROMANIZED TITLE (BK AM CF MP MU VM) | |
| Romanized title | Rog roktham ra niyantran srot pustak |
| 245 ## - TITLE STATEMENT | |
| Title | रोग रोकथाम र नियन्त्रणः स्रोत पुस्तक |
| 260 ## - PUBLICATION, DISTRIBUTION, ETC. | |
| Place of publication, distribution, etc. | Baitadi: |
| Name of publisher, distributor, etc. | Aashis Bhatta, |
| Date of publication, distribution, etc. | 2076BS. |
| 300 ## - PHYSICAL DESCRIPTION | |
| Extent | 130p. |
| 504 ## - BIBLIOGRAPHY, ETC. NOTE | |
| Bibliography, etc. note | Bibliography:p.129-130 |
| 650 ## - SUBJECT ADDED ENTRY--TOPICAL TERM | |
| Topical term or geographic name entry element | Diseases |
| 650 ## - SUBJECT ADDED ENTRY--TOPICAL TERM | |
| Topical term or geographic name entry element | Prevention |
| 942 ## - ADDED ENTRY ELEMENTS (KOHA) | |
| Source of classification or shelving scheme | Dewey Decimal Classification |
| Koha item type | ISBN |
| Withdrawn status | Lost status | Source of classification or shelving scheme | Damaged status | Not for loan | Home library | Current library | Date acquired | Total Checkouts | Full call number | Barcode | Date last seen | Price effective from | Koha item type |
|---|---|---|---|---|---|---|---|---|---|---|---|---|---|
| Dewey Decimal Classification | Tribhuvan University Central Library | Tribhuvan University Central Library | 05/30/2024 | N616/Bh455 | IS19753 | 05/30/2024 | 05/30/2024 | ISBN | |||||
| Dewey Decimal Classification | Tribhuvan University Central Library | Tribhuvan University Central Library | 05/30/2024 | N616/Bh455 | IS19754 | 05/30/2024 | 05/30/2024 | ISBN |
